[Event "BCF-ch 86th"]
[Site "Scarborough"]
[Date "1999.08.06"]
[Round "6"]
[White "Gormally, Daniel"]
[Black "Hebden, Mark"]
[Result "1-0"]
[WhiteElo "2476"]
[BlackElo "2510"]
[PlyCount "101"]
[EventDate "1999.08.05"]
[Source "ChessBase"]
[SourceDate "1999.09.14"]

1. e4 e5 2. Nf3 Nc6 3. Bb5 a6 4. Ba4 Nf6 5. O-O Be7 6. Re1 b5 7. Bb3 O-O 8. c3 d6 9. h3 Na5 10. Bc2 c5 11. d4 Re8 12. Nbd2 Bf8 13. Nf1 cxd4 14. cxd4 exd4 15. Nxd4 g6 16. Ng3 Bb7 17. b3 Rc8 18. Bb2 Nd7 19. Qd2 Ne5 20. Rad1 Nac6 21. Bb1 Nxd4 22. Bxd4 Qh4 23. Be3 h6 24. Bd4 Re6 25. Qe3 d5 26. f4 Nc6 27. Bb2 d4 28. Qf3 Bc5 29. Rf1 Rce8 30. Kh2 h5 31. Nh1 f5 32. Nf2 Nb4 33. Bxd4 fxe4 34. Bxe4 Bxd4 35. Rxd4 Nc2 36. Rd2 Rxe4 37. Nxe4 Bxe4 38. Qc3 b4 39. Qc4+ Kg7 40. Rd7+ Re7 41. Qe6 Rxd7 42. Qxd7+ Kf8 43. Qc8+ Ke7 44. Qc7+ Ke8 45. Rd1 Bf5 46. Qb8+ Kf7 47. Rd8 Qe7 48. Rh8 Kf6 49. Re8 Qc5 50. Re5 Qc8 51. Qd6+ 1-0

[Event "Kiel"]
[Site "Kiel GER"]
[Date "1979.??.??"]
[Round "2"]
[White "Parma, Bruno"]
[Black "Ghinda, Mihail-Viorel"]
[Result "1/2-1/2"]
[WhiteElo "2530"]
[BlackElo "2455"]
[PlyCount "57"]
[EventDate "1979.??.??"]
[Source "www.chesslib.no"]
[SourceDate "2004.05.04"]

1. e4 e5 2. Nf3 Nc6 3. Bb5 a6 4. Ba4 Nf6 5. O-O Be7 6. Re1 b5 7. Bb3 O-O 8. c3 d6 9. h3 Na5 10. Bc2 c5 11. d4 Nc6 12. dxc5 dxc5 13. Nbd2 Qc7 14. Nf1 Be6 15. Ne3 Rad8 16. Qe2 c4 17. Nf5 Bxf5 18. exf5 Rfe8 19. Ng5 Nb8 20. Ne4 Nxe4 21. Bxe4 Nd7 22. Be3 Nc5 23. Bxc5 Bxc5 24. a4 Qb6 25. axb5 axb5 26. Red1 h6 27. g3 Rxd1+ 28. Rxd1 Rd8 29. Rd2 1/2-1/2

[Event "Terrasa op"]
[Site "Terrasa"]
[Date "1999.??.??"]
[Round "9"]
[White "Rodriguez, Amador"]
[Black "Campos Moreno, Javier B"]
[Result "1/2-1/2"]
[WhiteElo "2487"]
[BlackElo "2494"]
[PlyCount "55"]
[EventDate "1999.??.??"]
[Source "www.chesslib.no"]
[SourceDate "2004.05.04"]

1. e4 e5 2. Nf3 Nc6 3. Bb5 a6 4. Ba4 Nf6 5. O-O Be7 6. Re1 b5 7. Bb3 O-O 8. c3 d6 9. h3 Na5 10. Bc2 c5 11. d4 Bb7 12. d5 Nd7 13. Nbd2 Nb6 14. g4 h5 15. Nf1 hxg4 16. hxg4 Qd7 17. Ne3 g6 18. b3 Kg7 19. c4 Rh8 20. Kg2 Rh7 21. Rg1 Rah8 22. Bd2 Naxc4 23. bxc4 Nxc4 24. Kf1 Nxe3+ 25. Bxe3 Bc8 26. Ke2 Qc7 27. a4 b4 28. a5 1/2-1/2

[Event "Lloyds Bank op"]
[Site "London"]
[Date "1992.??.??"]
[Round "?"]
[White "Howell, James C"]
[Black "Hebden, Mark"]
[Result "1/2-1/2"]
[WhiteElo "2465"]
[BlackElo "2510"]
[PlyCount "76"]
[EventDate "1992.08.??"]
[Source "ChessBase"]

1. e4 e5 2. Nf3 Nc6 3. Bb5 a6 4. Ba4 Nf6 5. O-O Be7 6. Re1 b5 7. Bb3 O-O 8. c3 d6 9. h3 Na5 10. Bc2 c5 11. d4 Re8 12. dxe5 dxe5 13. Nxe5 Bd6 14. Nf3 Bb7 15. Bg5 h6 16. Bxf6 Qxf6 17. Nbd2 Re6 18. e5 Bxe5 19. Be4 Rd8 20. Qc2 Bxe4 21. Rxe4 Bf4 22. Rxe6 Qxe6 23. Nb3 Nb7 24. Rd1 Rxd1+ 25. Qxd1 a5 26. Nxa5 Nxa5 27. Qd8+ Kh7 28. Qxa5 Qe2 29. Qd8 Qxb2 30. Qd3+ g6 31. g3 Bb8 32. Qd5 Qa1+ 33. Kh2 Kg7 34. Ne5 Bxe5 35. Qxe5+ Kh7 36. Qxc5 Qxa2 37. Kg2 Qa8+ 38. Kg1 Qa1+ 1/2-1/2

[Event "Malmo"]
[Site "?"]
[Date "1987.??.??"]
[Round "?"]
[White "Ernst, Th"]
[Black "Hebden, M."]
[Result "1-0"]
[WhiteElo "2455"]
[BlackElo "2515"]
[PlyCount "63"]
[EventDate "1987.??.??"]
[Source "ChessBase"]
[SourceDate "1988.01.01"]

1. e4 e5 2. Nf3 Nc6 3. Bb5 a6 4. Ba4 Nf6 5. O-O Be7 6. Re1 b5 7. Bb3 O-O 8. c3 d6 9. h3 Na5 10. Bc2 c5 11. d4 Re8 12. dxe5 dxe5 13. Nxe5 Bb7 14. Nd2 Bd6 15. Nef3 Qc7 16. b3 Rad8 17. Bb2 c4 18. Qe2 Bf4 19. Rad1 g6 20. e5 Rxd2 21. Nxd2 Rxe5 22. Qf1 Rd5 23. Ne4 Nxe4 24. Rxd5 Bxd5 25. Bxe4 Be6 26. b4 Nc6 27. Bc1 Bd6 28. Qe2 Ne7 29. Be3 Be5 30. Qd2 f5 31. Bf3 Kf7 32. Bd4 1-0

[Event "Dato Arthur Tan Malaysian Op"]
[Site "Kuala Lumpur MAS"]
[Date "2007.08.26"]
[Round "11"]
[White "Nguyen Anh Dung"]
[Black "Li Ruofan"]
[Result "1-0"]
[WhiteElo "2537"]
[BlackElo "2417"]
[PlyCount "105"]
[EventDate "2007.08.20"]
[Source "www.chesslib.no"]
[SourceDate "2004.05.04"]

1. e4 e5 2. Nf3 Nc6 3. Bb5 a6 4. Ba4 Nf6 5. O-O Be7 6. Re1 b5 7. Bb3 O-O 8. c3 d6 9. h3 Na5 10. Bc2 c5 11. d4 cxd4 12. cxd4 exd4 13. Nxd4 Re8 14. b3 Bb7 15. Bb2 Bf8 16. Nd2 g6 17. Qf3 Bg7 18. Rad1 Rc8 19. Bb1 Qe7 20. Qd3 Nc6 21. Nxc6 Bxc6 22. Nf1 Rcd8 23. f3 Bb7 24. Ne3 Nh5 25. Bxg7 Kxg7 26. Qd4+ Nf6 27. a4 Qe5 28. axb5 Qxb5 29. Nc4 Qb4 30. Nxd6 Qxd4+ 31. Rxd4 Rf8 32. e5 Ng8 33. Rc1 Bc8 34. Rxc8 Rxc8 35. Nxc8 Rxc8 36. Bd3 a5 37. Bc4 Rc7 38. f4 h5 39. Kf2 Ne7 40. g4 hxg4 41. hxg4 Nc8 42. f5 gxf5 43. gxf5 Nb6 44. f6+ Kh6 45. e6 fxe6 46. Bxe6 Rc2+ 47. Kg3 Rc3+ 48. Kg4 Kg6 49. f7 Kg7 50. Rd8 Nd7 51. Rxd7 Rc1 52. Rd8 Rf1 53. Rg8+ 1-0

[Event "IND Ch"]
[Site "Indianapolis, IN USA"]
[Date "1988.??.??"]
[Round "?"]
[White "Anand, Viswanathan"]
[Black "Thipsay, Praveen Mahadeo"]
[Result "1/2-1/2"]
[WhiteElo "2520"]
[BlackElo "2420"]
[PlyCount "88"]
[EventDate "1988.??.??"]
[Source "www.chesslib.no"]
[SourceDate "2004.05.04"]

1. e4 e5 2. Nf3 Nc6 3. Bb5 a6 4. Ba4 Nf6 5. O-O Be7 6. Re1 b5 7. Bb3 O-O 8. c3 d6 9. h3 Na5 10. Bc2 c5 11. d4 Nc6 12. d5 Na7 13. Nbd2 c4 14. Nf1 a5 15. Ng3 Qc7 16. Nh2 b4 17. Rf1 Nd7 18. Ng4 Nb6 19. f4 Nb5 20. f5 f6 21. Qe1 Ba6 22. Nh5 Kh8 23. Nh2 Nd7 24. Nf3 Nc5 25. Nh4 Rf7 26. Rf3 bxc3 27. bxc3 Nd3 28. Bxd3 cxd3 29. Rxd3 Rc8 30. Ng6+ Kg8 31. Nxe7+ Rxe7 32. Rg3 Nxc3 33. Nxf6+ Kh8 34. Bg5 Ne2+ 35. Kh2 Nxg3 36. Qxg3 gxf6 37. Bxf6+ Rg7 38. Rc1 Qf7 39. Rxc8+ Bxc8 40. Qg5 Kg8 41. Bxg7 Qxg7 42. Qd8+ Qf8 43. Qxa5 Qe7 44. a4 Qg5 1/2-1/2

[Event "Hastings Challengers 9091"]
[Site "Hastings"]
[Date "1990.??.??"]
[Round "?"]
[White "Howell, James C"]
[Black "Hebden, Mark"]
[Result "1-0"]
[WhiteElo "2415"]
[BlackElo "2520"]
[PlyCount "119"]
[EventDate "1990.12.??"]
[Source "ChessBase"]

1. e4 e5 2. Nf3 Nc6 3. Bb5 a6 4. Ba4 Nf6 5. O-O Be7 6. Re1 b5 7. Bb3 O-O 8. c3 d6 9. h3 Na5 10. Bc2 c5 11. d4 Nd7 12. Nbd2 cxd4 13. cxd4 Bf6 14. d5 Nb6 15. Nf1 Bd7 16. b3 Nb7 17. Ng3 Nc5 18. Be3 g6 19. Rc1 Rc8 20. Qd2 Bg7 21. Bb1 Rc7 22. Bg5 f6 23. Be3 Qb8 24. Nh2 Rfc8 25. f4 exf4 26. Bxf4 Nb7 27. Rcd1 Re8 28. Nf3 Rcc8 29. Nd4 Nd8 30. Kh1 Nf7 31. Be3 Na8 32. Rf1 Qc7 33. Nge2 Qd8 34. Rde1 Re5 35. Bf4 Re7 36. Bg3 Qe8 37. Nf4 Ng5 38. h4 Nf7 39. Nfe6 Bxe6 40. Nxe6 Bh8 41. Rc1 Nc7 42. Qc2 Rxe6 43. dxe6 Qxe6 44. Qc6 Bg7 45. Rc3 Bh6 46. Qb7 Qd7 47. Qc6 Qe6 48. Qb7 Qd7 49. Bd3 Bd2 50. Rc2 Be3 51. Rxf6 Nd8 52. Rxd6 Qg4 53. Qxc7 Rxc7 54. Rxd8+ Kg7 55. Rxc7+ Kh6 56. Rdd7 Qd1+ 57. Kh2 Kh5 58. Bc2 Bg1+ 59. Kh1 Bd4+ 60. Bxd1+ 1-0

[Event "BCF Ch"]
[Site "Eastbourne"]
[Date "1991.??.??"]
[Round "4"]
[White "Howell, James C"]
[Black "Hebden, Mark L"]
[Result "1-0"]
[WhiteElo "2455"]
[BlackElo "2475"]
[PlyCount "81"]
[EventDate "1991.07.??"]
[Source "www.chesslib.no"]
[SourceDate "2004.05.04"]

1. e4 e5 2. Nf3 Nc6 3. Bb5 a6 4. Ba4 Nf6 5. O-O Be7 6. Re1 b5 7. Bb3 O-O 8. c3 d6 9. h3 Na5 10. Bc2 c5 11. d4 Re8 12. dxe5 dxe5 13. Nxe5 Bb7 14. Nd2 Bd6 15. Nef3 Qc7 16. b3 Rad8 17. Bb2 c4 18. Qe2 Bc5 19. Rac1 Nh5 20. b4 Ng3 21. Qd1 Ba7 22. bxa5 f5 23. Nd4 Nxe4 24. Nxe4 fxe4 25. Qg4 Qxa5 26. Bxe4 Bxe4 27. Rxe4 Rxe4 28. Qxe4 Bxd4 29. cxd4 Qxa2 30. Bc3 Qa3 31. Qe1 Qd6 32. Rd1 Qd5 33. Ba5 Rc8 34. Bb4 h6 35. Ba5 Kf7 36. Qd2 Re8 37. Qf4+ Kg8 38. Re1 Rf8 39. Qd2 Rf5 40. Re8+ Kf7 41. Qe3 1-0

[Event "Arnold Cup"]
[Site "Gausdal NOR"]
[Date "1988.??.??"]
[Round "?"]
[White "Mokry, Karel"]
[Black "Jansa, Vlastimil"]
[Result "1/2-1/2"]
[WhiteElo "2460"]
[BlackElo "2465"]
[PlyCount "31"]
[EventDate "1988.04.??"]
[Source "www.chesslib.no"]
[SourceDate "2004.05.04"]

1. e4 e5 2. Nf3 Nc6 3. Bb5 a6 4. Ba4 Nf6 5. O-O Be7 6. Re1 b5 7. Bb3 O-O 8. c3 d6 9. h3 Na5 10. Bc2 c5 11. d4 Nc6 12. d5 Na5 13. Nbd2 g6 14. b4 Nb7 15. a4 Bd7 16. axb5 1/2-1/2

[Event "Bern op"]
[Site "Bern"]
[Date "1992.??.??"]
[Round "4"]
[White "Szalanczy, Emil"]
[Black "Hebden, Mark"]
[Result "0-1"]
[WhiteElo "2420"]
[BlackElo "2500"]
[PlyCount "104"]
[EventDate "1992.02.??"]
[Source "ChessBase"]

1. e4 e5 2. Nf3 Nc6 3. Bb5 a6 4. Ba4 Nf6 5. O-O Be7 6. Re1 b5 7. Bb3 O-O 8. c3 d6 9. h3 Na5 10. Bc2 c5 11. d4 Re8 12. Nbd2 Bf8 13. Nf1 cxd4 14. cxd4 exd4 15. Ng3 g6 16. Nxd4 Bb7 17. b3 d5 18. e5 Ne4 19. e6 fxe6 20. Bxe4 dxe4 21. Bb2 Bg7 22. Nxe4 Qd5 23. Qg4 Bxd4 24. Bxd4 Qxd4 25. Rad1 Qg7 26. Nd6 Re7 27. Rxe6 Rf8 28. Rde1 Rxe6 29. Qxe6+ Kh8 30. Qe7 Bc6 31. Qxg7+ Kxg7 32. Re7+ Kf6 33. Ra7 Ra8 34. Rxh7 Rd8 35. b4 Nc4 36. Nb7 Rd1+ 37. Kh2 Rd2 38. Kg3 Ne3 39. Rc7 Nf1+ 40. Kg4 Bd7+ 41. Kf3 Be6 42. Nc5 Bd5+ 43. Ne4+ Bxe4+ 44. Kxe4 Rxa2 45. Rc6+ Kg7 46. g4 Rxf2 47. Rxa6 Rb2 48. Kf4 Kh6 49. Rd6 Rxb4+ 50. Kf3 Rb3+ 51. Kg2 Ne3+ 52. Kh2 Kg5 0-1

[Event "Candas Open"]
[Site "Candas"]
[Date "1992.??.??"]
[Round "1"]
[White "Rodriguez, Ruben"]
[Black "Hebden, Mark L"]
[Result "0-1"]
[WhiteElo "2415"]
[BlackElo "2500"]
[PlyCount "88"]
[EventDate "1992.10.??"]
[Source "www.chesslib.no"]
[SourceDate "2004.05.04"]

1. e4 e5 2. Nf3 Nc6 3. Bb5 a6 4. Ba4 Nf6 5. O-O Be7 6. Re1 b5 7. Bb3 O-O 8. c3 d6 9. h3 Na5 10. Bc2 c5 11. d4 Re8 12. Nbd2 Bf8 13. Nf1 cxd4 14. cxd4 exd4 15. Nxd4 Bb7 16. Ng3 g6 17. b3 d5 18. e5 Ne4 19. Nxe4 dxe4 20. Bxe4 Bxe4 21. Rxe4 Qd5 22. Qf3 Rac8 23. Bb2 Rxe5 24. Rxe5 Qxe5 25. Bc3 b4 26. Re1 Qc5 27. Bb2 Bg7 28. Qe4 Rd8 29. Ne6 fxe6 30. Qxe6+ Kf8 31. Rc1 Qa7 32. Bxg7+ Qxg7 33. Qb6 Nb7 34. Rc7 Qe5 35. g3 Nd6 36. Rxh7 Rc8 37. Qxb4 Kg8 38. Ra7 Rc1+ 39. Kh2 Qd5 40. Qb8+ Nc8 41. g4 Rh1+ 42. Kg3 Rg1+ 43. Kf4 g5+ 44. Ke3 Re1# 0-1

[Event "Lee Cup"]
[Site "Beijing"]
[Date "1996.??.??"]
[Round "11"]
[White "Yu Shaoteng"]
[Black "Liss, Eran"]
[Result "1/2-1/2"]
[WhiteElo "2385"]
[BlackElo "2525"]
[PlyCount "137"]
[EventDate "1996.08.??"]
[Source "ChessBase"]

1. e4 e5 2. Nf3 Nc6 3. Bb5 a6 4. Ba4 Nf6 5. O-O Be7 6. Re1 b5 7. Bb3 O-O 8. c3 d6 9. h3 Na5 10. Bc2 c5 11. d4 cxd4 12. cxd4 Bb7 13. Nbd2 exd4 14. Nxd4 Re8 15. Nf1 Bf8 16. Ng3 g6 17. b3 Rc8 18. Bb2 Bg7 19. Qd2 Nd7 20. Rad1 Nc6 21. Bb1 Nxd4 22. Bxd4 Re6 23. Bxg7 Kxg7 24. Ne2 Nf6 25. Nf4 Re8 26. Qb4 Rc5 27. Qd4 Qe7 28. Qxd6 Qxd6 29. Rxd6 Bxe4 30. Bxe4 Rxe4 31. Rxe4 Nxe4 32. Rxa6 Rc1+ 33. Kh2 Ra1 34. Rb6 Rxa2 35. Rxb5 Rxf2 36. Nd5 h5 37. h4 Nd6 38. Rb4 Rd2 39. Nc7 Rb2 40. Nd5 Nf5 41. Nf4 Kh6 42. Rb7 Nxh4 43. Rxf7 Rxb3 44. Rf8 Rb6 45. Re8 Rf6 46. Ne6 g5 47. Rh8+ Kg6 48. Rg8+ Kf7 49. Rxg5 Rxe6 50. Rxh5 Re4 51. Rh6 Ng6 52. Rh5 Kf6 53. Ra5 Re3 54. g3 Ne5 55. Kh3 Kf5 56. Ra8 Re2 57. Rf8+ Kg5 58. Rg8+ Kf6 59. Rf8+ Nf7 60. Ra8 Kg6 61. Ra6+ Kh5 62. g4+ Kg5 63. Ra5+ Ne5 64. Kg3 Re3+ 65. Kf2 Re4 66. Ra8 Nxg4+ 67. Kf3 Re3+ 68. Kg2 Nh6 69. Kf2 1/2-1/2

[Event "London Lloyds"]
[Site "London ENG"]
[Date "1993.??.??"]
[Round "2"]
[White "Morris, Philip"]
[Black "Hebden, Mark L"]
[Result "0-1"]
[WhiteElo "2380"]
[BlackElo "2520"]
[PlyCount "116"]
[EventDate "1993.08.??"]
[Source "www.chesslib.no"]
[SourceDate "2004.05.04"]

1. e4 e5 2. Nf3 Nc6 3. Bb5 a6 4. Ba4 Nf6 5. O-O Be7 6. Re1 b5 7. Bb3 O-O 8. c3 d6 9. h3 Na5 10. Bc2 c5 11. d4 Re8 12. Nbd2 Bf8 13. d5 c4 14. Nf1 Nb7 15. a4 Bd7 16. axb5 axb5 17. Bg5 Be7 18. Qd2 Ra5 19. Ng3 Qc7 20. Nh4 Rxa1 21. Rxa1 Nc5 22. Nhf5 Bxf5 23. Nxf5 Bd8 24. Qe3 g6 25. Ra8 Nh5 26. Qf3 f6 27. Bh6 Qd7 28. Qg4 Be7 29. Rxe8+ Qxe8 30. Nxe7+ Qxe7 31. Qc8+ Kf7 32. Qh8 g5 33. Qxh7+ Ke8 34. Qh8+ Kd7 35. Bd1 Nf4 36. Bg4+ Kc7 37. Qc8+ Kb6 38. Qb8+ Nb7 39. Bf8 Qc7 40. Qe8 Nd3 41. Bc8 Qc5 42. Qc6+ Qxc6 43. dxc6 Nbc5 44. Bxd6 Kxc6 45. Be7 Nxe4 46. Bf5 Kd5 47. f3 Ng3 48. Bd7 f5 49. Bxb5 Nxb2 50. Kf2 f4 51. Ke1 Nd3+ 52. Kd2 e4 53. fxe4+ Nxe4+ 54. Kc2 Ne1+ 55. Kd1 Nxg2 56. Ba6 f3 57. Bb7+ Ke5 58. Bxe4 Kxe4 0-1

[Event "Pardubice"]
[Site "?"]
[Date "2006.07.27"]
[Round "7.42"]
[White "Geller Jakov"]
[Black "Olszewski Miholt"]
[Result "1-0"]
[WhiteElo "2480"]
[BlackElo "2410"]
[PlyCount "83"]
[EventDate "2006.??.??"]
[Source "www.chesslib.no"]
[SourceDate "2004.05.04"]

1. e4 e5 2. Nf3 Nc6 3. Bb5 a6 4. Ba4 Nf6 5. O-O Be7 6. Re1 b5 7. Bb3 O-O 8. c3 d6 9. h3 Na5 10. Bc2 c5 11. d4 Nd7 12. Nbd2 exd4 13. cxd4 Nc6 14. d5 Nce5 15. Nxe5 Nxe5 16. f4 Ng6 17. Nf3 f5 18. e5 dxe5 19. fxe5 Bb7 20. d6 Bh4 21. Re2 Bg3 22. Bg5 Qb6 23. Qd2 Kh8 24. d7 Bxf3 25. gxf3 Bxe5 26. Qd5 h6 27. Rxe5 Nxe5 28. Be7 c4+ 29. Kf1 Qc7 30. Bxf8 Rxf8 31. Rd1 Nxd7 32. Qxd7 Qg3 33. Qe7 Qxf3+ 34. Ke1 Rf6 35. Rd7 Qg3+ 36. Kd2 Qf2+ 37. Kc3 Qg3+ 38. Kb4 Qg6 39. Rd5 Qg5 40. Qd8+ Kh7 41. Rxf5 Qc1 42. Rf2+ 1-0

[Event "Kubanskaja Osen"]
[Site "?"]
[Date "2002.11.19"]
[Round "5"]
[White "Panarin Michail"]
[Black "Bryzgalin Kirill"]
[Result "1/2-1/2"]
[WhiteElo "2445"]
[BlackElo "2439"]
[PlyCount "53"]
[EventDate "2002.??.??"]
[Source "www.chesslib.no"]
[SourceDate "2004.05.04"]

1. e4 e5 2. Nf3 Nc6 3. Bb5 a6 4. Ba4 Nf6 5. O-O Be7 6. Re1 b5 7. Bb3 O-O 8. c3 d6 9. h3 Na5 10. Bc2 c5 11. d4 Nc6 12. d5 Nb8 13. a4 Bb7 14. b3 Nbd7 15. Nbd2 h6 16. Qe2 Qb6 17. Nf1 Rfb8 18. Ne3 Bf8 19. a5 Qd8 20. Nf5 Kh7 21. g4 g6 22. Ng3 Bg7 23. Be3 Qh8 24. Kh2 Kg8 25. Nh4 Ne8 26. Qd2 Bc8 27. Kg2 1/2-1/2

[Event "Festival internazionale - Open A"]
[Site "Positano ITA"]
[Date "2008.10.28"]
[Round "3"]
[White "Sion, Castro Marcelino"]
[Black "Naumkin, Igor"]
[Result "0-1"]
[WhiteElo "2371"]
[BlackElo "2506"]
[PlyCount "84"]
[EventDate "2008.10.20"]
[Source "www.chesslib.no"]
[SourceDate "2004.05.04"]

1. e4 e5 2. Nf3 Nc6 3. Bb5 a6 4. Ba4 Nf6 5. O-O Be7 6. Re1 b5 7. Bb3 O-O 8. c3 d6 9. h3 Na5 10. Bc2 c5 11. d4 Nd7 12. dxc5 dxc5 13. Nbd2 c4 14. Nf1 Nc6 15. Qe2 Bc5 16. Rd1 Qc7 17. a4 Rb8 18. Ne3 Ne7 19. axb5 axb5 20. b3 cxb3 21. Bxb3 h6 22. Nh2 Nf6 23. Neg4 Rb6 24. Rd3 Kh7 25. Rf3 Neg8 26. Ne3 Bb7 27. Bc2 g6 28. Neg4 Nh5 29. g3 f5 30. exf5 Bxf3 31. fxg6+ Kg7 32. Nxf3 e4 33. Qxe4 Qxg3+ 34. Kf1 Qxh3+ 35. Kg1 Re6 36. Qxe6 Bxf2+ 37. Nxf2 Qxe6 38. Ra7+ Ne7 39. Ba3 Re8 40. Nd4 Qe1+ 41. Kg2 Nf4+ 42. Kf3 Qxc3+ 0-1

[Event "Haringey"]
[Site "London ENG"]
[Date "1988.??.??"]
[Round "?"]
[White "Dutreeuw, Marc"]
[Black "Hebden, Mark L"]
[Result "1/2-1/2"]
[WhiteElo "2395"]
[BlackElo "2460"]
[PlyCount "235"]
[EventDate "1988.07.??"]
[Source "www.chesslib.no"]
[SourceDate "2004.05.04"]

1. e4 e5 2. Nf3 Nc6 3. Bb5 a6 4. Ba4 Nf6 5. O-O Be7 6. Re1 b5 7. Bb3 O-O 8. c3 d6 9. h3 Na5 10. Bc2 c5 11. d4 Re8 12. Nbd2 Bf8 13. Nf1 cxd4 14. cxd4 exd4 15. Nxd4 Bb7 16. Ng3 g6 17. Bd2 Nc4 18. Bc3 d5 19. b3 Na3 20. e5 Rc8 21. Bb2 Nxc2 22. Nxc2 Ne4 23. Ne3 Nxg3 24. fxg3 h5 25. g4 h4 26. Nf1 Bc5+ 27. Kh1 d4 28. Nd2 Qg5 29. Bc1 Rxe5 30. Nf3 Rxe1+ 31. Qxe1 Qe7 32. Bg5 Qxe1+ 33. Rxe1 d3 34. Rc1 Bb4 35. Rxc8+ Bxc8 36. Kg1 f6 37. Be3 g5 38. Kf2 Bb7 39. Bd4 Kf7 40. Ke3 d2 41. Ke2 Be4 42. Kd1 Bb1 43. a3 Bxa3 44. Kxd2 Bb4+ 45. Bc3 Bc5 46. b4 Bb6 47. Ke2 Be4 48. Kd2 Ke6 49. Ke2 Bd8 50. Kf2 Kd5 51. Nd2 Bb6+ 52. Kf1 Bd3+ 53. Ke1 Bd8 54. Kf2 Bc2 55. Ke2 f5 56. gxf5 Bxf5 57. Ke1 Be7 58. Kf2 g4 59. hxg4 Bxg4 60. Ke3 Bg5+ 61. Kd3 Bf5+ 62. Ke2 Be4 63. Kf2 Bf4 64. Kf1 Bg3 65. Bf6 Bd3+ 66. Kg1 Be1 67. Bc3 Ke6 68. Kh2 Kf5 69. Kh1 Be2 70. Kh2 Kf4 71. Kg1 Bd3 72. Kh2 Ke3 73. Nc4+ Ke2 74. Bxe1 Kxe1 75. Ne5 Kd2 76. Nxd3 Kxd3 77. Kh3 Kc4 78. Kxh4 Kxb4 79. g4 Kc5 80. g5 Kd6 81. Kh5 b4 82. g6 Ke7 83. Kh6 b3 84. g7 b2 85. g8=Q b1=Q 86. Qg7+ Ke6 87. Qg8+ Kd7 88. Qd5+ Kc7 89. Qc5+ Kb7 90. Qe7+ Kb6 91. Qd6+ Ka7 92. Qc7+ Qb7 93. Qe5 Qb6+ 94. Kh7 a5 95. Qf4 Qc6 96. Kh8 a4 97. Qf2+ Kb7 98. Qb2+ Kc8 99. Qa3 Qc4 100. Qf8+ Kd7 101. Qf5+ Kc7 102. Qe5+ Kc6 103. Qe8+ Kc5 104. Qe7+ Kd4 105. Qf6+ Kd3 106. Qf1+ Kc3 107. Qc1+ Kb4 108. Qb2+ Qb3 109. Qd4+ Ka3 110. Qa1+ Kb4 111. Qd4+ Qc4 112. Qb2+ Kc5 113. Qe5+ Qd5 114. Qc3+ Kb5 115. Qb2+ Ka5 116. Qc3+ Ka6 117. Qf6+ Kb7 118. Qg7+ 1/2-1/2

[Event "Moscow3"]
[Site "Moscow RUS"]
[Date "1992.??.??"]
[Round "?"]
[White "Yilmaz, Turhan"]
[Black "Polovodin, Igor A"]
[Result "0-1"]
[WhiteElo "2390"]
[BlackElo "2460"]
[PlyCount "154"]
[EventDate "1992.??.??"]
[Source "www.chesslib.no"]
[SourceDate "2004.05.04"]

1. e4 e5 2. Nf3 Nc6 3. Bb5 a6 4. Ba4 Nf6 5. O-O Be7 6. Re1 b5 7. Bb3 O-O 8. c3 d6 9. h3 Na5 10. Bc2 c5 11. d3 Re8 12. Nbd2 Bf8 13. Nf1 g6 14. a4 Bb7 15. Ng3 Bg7 16. d4 exd4 17. cxd4 Nc6 18. dxc5 dxc5 19. Qxd8 Raxd8 20. axb5 axb5 21. Bb1 Nd7 22. Ne2 Nde5 23. Nxe5 Nxe5 24. Ra7 Bc6 25. Be3 Nd3 26. Bxd3 Rxd3 27. Bxc5 Rxe4 28. Rc7 Bd7 29. Be3 Bxb2 30. Rb1 Be5 31. Ra7 h5 32. Ra8+ Kg7 33. Rd8 b4 34. Ra8 b3 35. Ra5 b2 36. Rxe5 Rxe5 37. Rxb2 Rb5 38. Rc2 Bf5 39. Rc6 Rb8 40. Nd4 Be4 41. Rc7 Rb7 42. Rc4 Kh7 43. Ne2 Rd1+ 44. Kh2 Bd3 45. Nc3 Bxc4 46. Nxd1 Rb3 47. Bc5 Be6 48. Ne3 Rd3 49. h4 Kg7 50. Be7 f5 51. Bg5 Kf7 52. Kg3 Bc8 53. Bh6 Rd4 54. Bg5 Ke6 55. Bf4 Bb7 56. Bh6 Rb4 57. Bf4 Ra4 58. Bb8 Kd7 59. Be5 Re4 60. Bf4 Kc6 61. Bb8 Kc5 62. Ba7+ Kb4 63. Bb8 Kc3 64. Bf4 Kd3 65. Bh6 Ke2 66. Bf4 Ra4 67. Be5 g5 68. hxg5 h4+ 69. Kh2 f4 70. Nf5 h3 71. Nd4+ Kxf2 72. Kxh3 Bxg2+ 73. Kg4 f3 74. g6 Bf1 75. g7 Bc4 76. Kf5 Bg8 77. Nc2 Ke2 0-1

[Event "Sagua la Grande"]
[Site "Sagua la Grande"]
[Date "1989.??.??"]
[Round "13"]
[White "Arencibia, Walter"]
[Black "Martin del Campo, Roberto"]
[Result "1/2-1/2"]
[WhiteElo "2395"]
[BlackElo "2455"]
[PlyCount "37"]
[EventDate "1989.??.??"]
[Source "www.chesslib.no"]
[SourceDate "2004.05.04"]

1. e4 e5 2. Nf3 Nc6 3. Bb5 a6 4. Ba4 Nf6 5. O-O Be7 6. Re1 b5 7. Bb3 O-O 8. c3 d6 9. h3 Na5 10. Bc2 c5 11. d3 Re8 12. Nbd2 Bf8 13. Nf1 g6 14. a3 Bg7 15. Bg5 h6 16. Bxf6 Qxf6 17. Ne3 Be6 18. b4 Nc6 19. Bb3 1/2-1/2

[Event "Sevilla Open"]
[Site "Seville ESP"]
[Date "1989.??.??"]
[Round "?"]
[White "Sanz Alonso, Francisco Javier"]
[Black "Campos Moreno, Javier B"]
[Result "1/2-1/2"]
[WhiteElo "2420"]
[BlackElo "2430"]
[PlyCount "123"]
[EventDate "1989.??.??"]
[Source "www.chesslib.no"]
[SourceDate "2004.05.04"]

1. e4 e5 2. Nf3 Nc6 3. Bb5 a6 4. Ba4 Nf6 5. O-O Be7 6. Re1 b5 7. Bb3 O-O 8. c3 d6 9. h3 Na5 10. Bc2 c5 11. d4 cxd4 12. cxd4 Bb7 13. Nbd2 Rc8 14. Nf1 d5 15. Nxe5 dxe4 16. Ng3 Nc4 17. Nxc4 Rxc4 18. Be3 Bd6 19. Bb3 Rc8 20. Rc1 Bxg3 21. fxg3 Rxc1 22. Bxc1 Bd5 23. Bg5 Bxb3 24. axb3 Re8 25. Qd2 h6 26. Bxf6 Qxf6 27. Qe3 Qd6 28. g4 Qd5 29. Kh1 Rd8 30. Rd1 b4 31. Rd2 a5 32. Kh2 Kh7 33. Kh1 g6 34. Kg1 Kg7 35. Kh1 Qg5 36. Qe2 Rc8 37. d5 Rc7 38. Rd1 Qe5 39. Qe3 Rd7 40. Re1 Qxd5 41. Qxe4 Qxe4 42. Rxe4 Rd3 43. Re5 Rxb3 44. Rxa5 Kf6 45. Rb5 Rxb2 46. h4 b3 47. Kh2 Ke6 48. h5 gxh5 49. gxh5 f6 50. Kg3 Kd6 51. Kf4 Kc6 52. Rb8 Kc5 53. g4 Kc4 54. Rc8+ Kd3 55. Rd8+ Ke2 56. Rb8 Kd1 57. Kf5 Rf2+ 58. Kg6 Kc2 59. Kxh6 b2 60. Kg7 Rf4 61. h6 Rxg4+ 62. Kxf6 1/2-1/2

[Event "Rome"]
[Site "Rome"]
[Date "1983.??.??"]
[Round "?"]
[White "Martin Gonzalez, Angel"]
[Black "Tatai, Stefano"]
[Result "1/2-1/2"]
[WhiteElo "2410"]
[BlackElo "2435"]
[PlyCount "28"]
[EventDate "1983.02.??"]
[Source "ChessBase"]

1. e4 e5 2. Nf3 Nc6 3. Bb5 a6 4. Ba4 Nf6 5. O-O Be7 6. Re1 b5 7. Bb3 O-O 8. c3 d6 9. h3 Na5 10. Bc2 c5 11. d4 Nd7 12. Nbd2 cxd4 13. cxd4 Bf6 14. dxe5 dxe5 1/2-1/2

[Event "Camp. Commonwealth 2008"]
[Site "Nagpur IND"]
[Date "2008.10.03"]
[Round "7"]
[White "Sangma, R."]
[Black "Laxman, R."]
[Result "0-1"]
[WhiteElo "2339"]
[BlackElo "2498"]
[PlyCount "102"]
[EventDate "2008.09.28"]
[Source "www.chesslib.no"]
[SourceDate "2004.05.04"]

1. e4 e5 2. Nf3 Nc6 3. Bb5 a6 4. Ba4 Nf6 5. O-O Be7 6. Re1 b5 7. Bb3 O-O 8. c3 d6 9. h3 Na5 10. Bc2 c5 11. d4 Nd7 12. d5 Bf6 13. b3 Qc7 14. Nbd2 c4 15. b4 Nb7 16. a4 Nb6 17. a5 Nd7 18. Nf1 g6 19. Bh6 Bg7 20. Qd2 Nd8 21. Nh4 Nf6 22. g4 Bxh6 23. Qxh6 Ne8 24. Ng3 Qe7 25. Ng2 Ng7 26. f4 f6 27. fxe5 Qxe5 28. Qe3 Nf7 29. Rf1 Bd7 30. Ne2 Rae8 31. Rae1 Qe7 32. Nd4 Ne5 33. Nf4 g5 34. Nfe2 h5 35. gxh5 Nxh5 36. Ng3 Nxg3 37. Qxg3 Rf7 38. Bd1 Nd3 39. Re3 f5 40. Bh5 f4 41. Bxf7+ Kxf7 42. Ne6 Bxe6 43. dxe6+ Kg7 44. Rxd3 fxg3 45. Rf7+ Kg6 46. Rxe7 cxd3 47. Rxe8 d2 48. Rg8+ Kh7 49. e7 d1=Q+ 50. Kg2 Qd2+ 51. Kxg3 Qf4+ 0-1

[Event "Balaguer (Spain)"]
[Site "?"]
[Date "2005.07.21"]
[Round "4"]
[White "Colovic Aleksandar"]
[Black "Hernandez Roman"]
[Result "1/2-1/2"]
[WhiteElo "2460"]
[BlackElo "2373"]
[PlyCount "64"]
[EventDate "2005.??.??"]
[Source "www.chesslib.no"]
[SourceDate "2004.05.04"]

1. e4 e5 2. Nf3 Nc6 3. Bb5 a6 4. Ba4 Nf6 5. O-O Be7 6. Re1 b5 7. Bb3 O-O 8. c3 d6 9. h3 Na5 10. Bc2 c5 11. d4 Nc4 12. d5 Na5 13. Nbd2 g6 14. b3 Bd7 15. Nf1 Nh5 16. Ng3 Nxg3 17. fxg3 Bf6 18. g4 Bg7 19. Be3 Nb7 20. Qe2 Qc7 21. Bd3 Rfc8 22. Nd2 Be8 23. Reb1 Nd8 24. a4 Rab8 25. Qf1 f6 26. axb5 axb5 27. Ra6 Nf7 28. Rba1 Rb7 29. Qe2 Qe7 30. Ra8 Rxa8 31. Rxa8 Ra7 32. Rb8 Rb7 1/2-1/2